Les attractions de Walibi Rhônes Alpes - Statistiques

Statistiques générales
  • Ce quiz a été pris 30 fois
  • Le résultat moyen est 13 sur 61
Statistiques - réponses
Zone Année d'inauguration Nom de l'attraction % Correct
Festival City 2019 Mystic
91%
Explorer Adventure 2016 Timber
78%
Festival City 2018 Hurricane
74%
Festival City 1998 Le Totem
70%
Festival City X Carrousel
57%
Exotic Island 2024 Mahuka
57%
Le deuxiième nom du Générator 2014 - 2021 Eqwalizer
52%
Explorer Adventure 1988 Generator
52%
Explorer Adventure 1989 Le Galion
52%
Festival City 2020 AirBoat
48%
Exotic Island 2012 Bambooz River
43%
Explorer Adventure 1989 Gold River
43%
Explorer Adventure 2002 Woodstock Express
39%
Le premier nom du générator 1988 - 2013 Boomerang
30%
Festival City 2008 Le Petit Vapeur
30%
Festival City 2019 Les P'tits Chaudrons
30%
Festival City 2018 Ballon Race
26%
Festival City 2018 Dock'N Roll
26%
Explorer Adventure 2017 MonORail
26%
Explorer Adventure 2000 Surf Music
26%
Exotic Island 1992 Tam Tam Aventure
26%
Exotic Island 2022 Tiki Academy
26%
Explorer Adventure 2016 Volt-O-Vent
26%
Explorer Adventure 2013 Concert'O
22%
Festival City /ouvert sous "Avenir Land"/ Festival Station
22%
Explorer Adventure /ouvert sous "Avenir Land"/ La Chevauchée
22%
Manège de type Calypso 1979 - 2018 La Bamba
17%
Exotic Island 1992 La Coccinelle
17%
Festival City /ouvert sous "Avenir Land"/ Melody Road
17%
L'ancien nom de la Gold River ? Radja River
17%
Explorer Adventure 1990 WAB Band Tour
17%
Circuit de bûches 1979 - 2005 La RivièreCanadienne
13%
X X Les Plongeurs de l'Extrême
13%
Exotic Island 2015 On air
13%
L'ancien nom du Tam Tam Aventure ? Tam Tam Tour
13%
Manège de type Inverter 2005 - 2013 Tomahawk
13%
Le deuxième nom du Woodstock Express ? - ? Scratch
9%
Bateau 1979 - ? Le Mississippi
4%
X X Le Pouvoir de Gaïa
4%
Le premier nom du Woodstock Express 2002 - ? Zig Zag
4%
Bassin avec toboggans (3 à 5m) Baie des pirates
0%
Spectacle de fontaines Epoque d'Avenir Land Ballet Aquatique
0%
Manège d'avions 2002 - 2014 Baron Rouge
0%
Cinéma ? Cinéma 4D
0%
Toboggan à 4 pistes (12m) Cours'aires
0%
Bassin pour enfants Crique des moussaillons
0%
Mini-Carrousel 1990 - 2007 Funny Kid
0%
Grande roue 1979 - 2015 Grand Soleil
0%
Bassin adulte avec bar Lagon Tropical
0%
Montagne Russes 1985 - 1992 Le Grand Huit
0%
Manège d'avions 1985 - ? Lem 2000
0%
Ferme ? Mini Ferme
0%
Manège de type Pieuvre 1992 - 2001 Pieuvre des Caraïbes
0%
Course de mini quads 1990 - 2018 Qwads
0%
Toboggan sur bouée double (8m) Serpent de mer
0%
Toboggan sur bouée (9m) Squale
0%
Autos-tamponneuses 1992 - 2019 Stock Cars
0%
Toboggan (16m) Tornado
0%
Manège de type Tri-Star 1978 - 1984 Turbo Lift
0%
Piscine à vagues Vagues du Cap Horn
0%
Mini-Carrousel 1990 - 2010 Walibi Kid
0%
Aucun quiz correspondant
Distribution des résultats
% des personnes avec chaque résultat
Percentile par nombre de réponses
Votre historique - résultats
Vous n’avez pas pris ce quiz